| 000 | 00712cab a2200229 4500 | ||
|---|---|---|---|
| 001 | WB2504-21 | ||
| 008 | 090401t1989 xxu||||| |||| 00| 0 eng d | ||
| 035 | _a(Sirsi) u42136 | ||
| 041 | _aeng | ||
| 245 | _aHome loans tumble | ||
| 260 | _c1989 | ||
| 350 | _a0 | ||
| 490 |
_aBuilding Societies` Association Press Release _v23 January 1989 (6) |
||
| 520 | _aThe latest monthly figures from the Building Societies Association illustrate the sharp fall in housebuying. Commitments are at their lowest level for two years. Tables. | ||
| 650 | _aHOUSE PURCHASE | ||
| 650 | _aINTEREST RATES | ||
| 650 | _aLENDING | ||
| 650 | _aMORTGAGES | ||
| 690 | _aHOUSING-FINANCE | ||
| 942 | _n0 | ||
| 948 | _c04/03/1997 | ||
| 999 |
_c27066 _d27066 |
||